Normal view
MARC view
- भारतीय इतिहास
Entry Topical Term
001 - CONTROL NUMBER
- control field: 216394
003 - CONTROL NUMBER IDENTIFIER
- control field: OSt
005 - DATE AND TIME OF LATEST TRANSACTION
- control field: 20260121165310.0
008 - FIXED-LENGTH DATA ELEMENTS
- fixed length control field: 260121|| aca||aabn | a|a d
040 ## - CATALOGING SOURCE
- Original cataloging agency: OSt
- Transcribing agency: OSt
150 ## - HEADING--TOPICAL TERM
- Topical term or geographic name entry element: भारतीय इतिहास
670 ## - SOURCE DATA FOUND
- Source citation: Work cat.: (OSt)369968: मांडके, शशिकांत, हैद्राबाद मुक्त , 2012